| 000 | 00619nam a2200229Ia 4500 | ||
|---|---|---|---|
| 008 | 160901s9999 xx 000 0 und d | ||
| 020 | _a981-4119-61-X | ||
| 050 | _aComSc QA 76.9 | ||
| 050 | _b.D3M63 2002 | ||
| 100 | _aHoffer, Jeffrey A. | ||
| 245 | _aModern database management / | ||
| 245 | _cJeffrey A. Hoffer, Mary B. Prescott, Fred R. McFadden. | ||
| 250 | _a6th Edition | ||
| 260 | _aSingapore : | ||
| 260 | _bPearson Education Asia Pte. Ltd., | ||
| 260 | _c2002 | ||
| 300 | _a638 pages : | ||
| 300 | _bill. ; | ||
| 300 | _c26 cm. | ||
| 500 | _aIncludes index. | ||
| 650 | _aDatabase management. | ||
| 999 |
_c300918 _d300918 |
||